[Event "Helmond De Legibus op"]
[Site "Helmond"]
[Date "2016.07.09"]
[Round "3"]
[White "Smits, Sebastiaan"]
[Black "Epishin, Vladimir"]
[Result "1-0"]
[WhiteElo "2224"]
[BlackElo "2557"]
[PlyCount "91"]
[EventDate "2016.07.09"]
[EventType "swiss (rapid)"]
[EventRounds "10"]
[EventCountry "NED"]
[SourceTitle "EXT 2018"]
[Source "ChessBase"]
[SourceDate "2017.10.13"]
[SourceVersion "1"]
[SourceVersionDate "2017.10.13"]
[SourceQuality "1"]

1. Nf3 b6 2. g3 Bb7 3. Bg2 e6 4. 0-0 Nf6 5. d3 Be7 6. e4 d6 7. Qe2 c5 8. c3 0-0 9. Nbd2 Nbd7 10. d4 cxd4 11. Nxd4 Qc7 12. Re1 Rfe8 13. g4 g6 14. Nf1 e5 15. Nb3 d5 16. exd5 Bxd5 17. Bxd5 Nxd5 18. Ng3 Rad8 19. Qf3 Nf8 20. Rd1 Nf4 21. Bxf4 exf4 22. Ne4 f5 23. gxf5 gxf5 24. Qg2+ Ng6 25. Ng5 Bf6 26. Nd4 Bxd4 27. cxd4 Kh8 28. Kh1 Qg7 29. Rg1 Rxd4 30. Rac1 Rd7 31. Rc6 Ne5 32. Re6 Rde7 33. Qd5 Rxe6 34. Nxe6 Qf6 35. Ng5 h6 36. Nh3 Ng4 37. f3 Ne3 38. Qb7 Rg8 39. Rxg8+ Kxg8 40. Nxf4 Qd4 41. Qc8+ Kf7 42. Qe6+ Kg7 43. Qe7+ Kg8 44. Qe8+ Kg7 45. Ne6+ Kf6 46. Nxd4 1-0

[Event "Helmond Legibus op"]
[Site "Helmond"]
[Date "2013.06.30"]
[Round "8"]
[White "Fridman, Daniel"]
[Black "Smits, Sebastiaan"]
[Result "1-0"]
[WhiteElo "2629"]
[BlackElo "2188"]
[PlyCount "77"]
[EventDate "2013.06.29"]
[EventType "swiss (rapid)"]
[EventRounds "9"]
[EventCountry "NED"]
[SourceTitle "CBM 155 Extra"]
[Source "ChessBase"]
[SourceDate "2013.08.26"]
[SourceVersion "1"]
[SourceVersionDate "2013.08.26"]
[SourceQuality "1"]

1. d4 Nf6 2. c4 g6 3. Nc3 Bg7 4. e4 0-0 5. Be2 c6 6. e5 Ne8 7. f4 d6 8. Be3 c5 9. dxc5 Nc6 10. Nf3 Bg4 11. 0-0 dxe5 12. fxe5 Qxd1 13. Raxd1 Nc7 14. h3 Bxf3 15. Bxf3 Rad8 16. Nb5 Nxb5 17. cxb5 Na5 18. Bg5 Bxe5 19. Bxe7 Rxd1 20. Rxd1 Re8 21. Rd8 Rxd8 22. Bxd8 Nc4 23. b3 Na3 24. Be7 Nxb5 25. Bxb7 Nc7 26. Bd6 Bxd6 27. cxd6 Ne6 28. Bd5 Nd8 29. Kf2 Kf8 30. Ke3 Ke8 31. Kd4 Kd7 32. Ke5 a5 33. g4 f5 34. g5 f4 35. Kxf4 Kxd6 36. Bg8 Ke7 37. Bd5 Kd6 38. Ke4 Kc5 39. a3 1-0

[Event "Helmond Legibus op"]
[Site "Helmond"]
[Date "2013.06.30"]
[Round "9"]
[White "Smits, Sebastiaan"]
[Black "Bollen, Guus"]
[Result "0-1"]
[WhiteElo "2188"]
[BlackElo "2013"]
[PlyCount "110"]
[EventDate "2013.06.29"]
[EventType "swiss (rapid)"]
[EventRounds "9"]
[EventCountry "NED"]
[SourceTitle "CBM 155 Extra"]
[Source "ChessBase"]
[SourceDate "2013.08.26"]
[SourceVersion "1"]
[SourceVersionDate "2013.08.26"]
[SourceQuality "1"]

1. e4 c5 2. d3 Nc6 3. f4 d6 4. Nf3 g6 5. g3 Bg7 6. Bg2 Rb8 7. 0-0 b5 8. Nc3 e6 9. Ne2 b4 10. Rb1 Qa5 11. Be3 Nge7 12. Nc1 0-0 13. Qd2 Ba6 14. Re1 Bc3 15. Qe2 Bxe1 16. Qxe1 c4 17. g4 b3 18. axb3 Qxe1+ 19. Nxe1 cxd3 20. Ncxd3 Rfc8 21. Ra1 Bxd3 22. Nxd3 Rc7 23. Ra3 Rb5 24. Ra4 Nc8 25. e5 d5 26. Ra1 Nb4 27. Nxb4 Rxb4 28. Rc1 Ne7 29. Bf1 d4 30. Bd2 Rb8 31. Bd3 Nd5 32. Ra1 Nb4 33. Bxb4 Rxb4 34. g5 h5 35. Kf2 Kf8 36. Kf3 Ke7 37. Ke4 Kd7 38. Ra6 Kc8 39. Rd6 Rd7 40. Ra6 Rb6 41. Ra4 Kb7 42. Rc4 Rd5 43. Rxd4 Rxd4+ 44. Kxd4 Rb4+ 45. Ke3 Kc6 46. Bc4 a5 47. c3 Rb8 48. Kd4 a4 49. b4 Rd8+ 50. Ke3 Rd1 51. Be2 Rb1 52. Kd4 Rxb2 53. b5+ Kb6 54. Bd3 a3 55. c4 Rxb5 0-1

[Event "Vlissingen HZ op 15th"]
[Site "Vlissingen"]
[Date "2011.08.06"]
[Round "9"]
[White "Eisenbeiser, Amadeus"]
[Black "Smits, Sebastiaan"]
[Result "1-0"]
[WhiteElo "2386"]
[BlackElo "2180"]
[PlyCount "115"]
[EventDate "2011.07.30"]
[EventType "swiss"]
[EventRounds "9"]
[EventCountry "NED"]
[SourceTitle "CBM 143 Extra"]
[Source "ChessBase"]
[SourceDate "2011.08.29"]
[SourceVersion "1"]
[SourceVersionDate "2011.08.29"]
[SourceQuality "1"]

1. e4 c5 2. Nf3 d6 3. c4 Bg4 4. Be2 Nc6 5. 0-0 g6 6. Nc3 Bg7 7. d3 e6 8. h3 Bxf3 9. Bxf3 Nge7 10. g3 0-0 11. Bg2 Nd4 12. f4 Qd7 13. Rb1 Nec6 14. a3 a5 15. Bd2 f5 16. Kh2 Kh8 17. Qa4 Rad8 18. Nd1 Rb8 19. Ne3 b5 20. cxb5 Rxb5 21. Bc3 Rfb8 22. Rbe1 Nb3 23. Nc4 Ncd4 24. Rf2 R5b7 25. Qxd7 Rxd7 26. exf5 gxf5 27. Nxa5 Nxa5 28. Bxa5 Kg8 29. Bc3 Kf7 30. g4 h6 31. gxf5 Nxf5 32. Bxg7 Nxg7 33. Bf3 Rb3 34. Rd2 Nf5 35. Rg1 Kf6 36. Rg8 Nd4 37. Bd1 Rdb7 38. Rgg2 R3b6 39. Bh5 Nf5 40. Kg1 Rb8 41. Rg6+ Ke7 42. Rgg2 Kf6 43. Kh1 Nd4 44. Bd1 Nf5 45. Bg4 Nd4 46. h4 Nb3 47. Rde2 Nd4 48. Ref2 Rb3 49. Rd2 R3b6 50. h5 d5 51. Bd1 Nf5 52. Rde2 Nd4 53. Rd2 Nf5 54. Rgf2 Kf7 55. b3 Ne3 56. Bc2 Nxc2 57. Rxc2 Rxb3 58. Rxc5 1-0

[Event "Vlissingen HZ op 15th"]
[Site "Vlissingen"]
[Date "2011.08.04"]
[Round "7"]
[White "Dahm, Jochen"]
[Black "Smits, Sebastiaan"]
[Result "1-0"]
[WhiteElo "2345"]
[BlackElo "2180"]
[PlyCount "67"]
[EventDate "2011.07.30"]
[EventType "swiss"]
[EventRounds "9"]
[EventCountry "NED"]
[SourceTitle "CBM 143 Extra"]
[Source "ChessBase"]
[SourceDate "2011.08.29"]
[SourceVersion "1"]
[SourceVersionDate "2011.08.29"]
[SourceQuality "1"]

1. e4 c5 2. c3 Nf6 3. e5 Nd5 4. Nf3 e6 5. Bc4 d6 6. 0-0 Nc6 7. d4 cxd4 8. cxd4 Be7 9. exd6 Qxd6 10. Re1 0-0 11. Nc3 Nxc3 12. bxc3 b6 13. Ng5 h6 14. Ne4 Qc7 15. Qg4 f5 16. Qg3 Qxg3 17. Nxg3 Nd8 18. d5 Bb7 19. dxe6 Rc8 20. Bb3 f4 21. Ne4 Nc6 22. Nd6 Bxd6 23. e7+ Kh8 24. exf8Q+ Rxf8 25. Bd5 Bc5 26. a4 Rd8 27. Bxc6 Bxc6 28. Bxf4 Rd3 29. Be5 Rd2 30. Bd4 Bxd4 31. cxd4 Rxd4 32. a5 b5 33. Rac1 Bd7 34. Rcd1 1-0

[Event "Vlissingen HZ op 14th"]
[Site "Vlissingen"]
[Date "2010.08.12"]
[Round "7"]
[White "Smits, Sebastiaan"]
[Black "Michalczak, Thomas"]
[Result "0-1"]
[WhiteElo "2186"]
[BlackElo "2367"]
[PlyCount "54"]
[EventDate "2010.08.07"]
[EventType "swiss"]
[EventRounds "9"]
[EventCountry "NED"]
[SourceTitle "CBM 137 Extra"]
[Source "ChessBase"]
[SourceDate "2010.09.01"]
[SourceVersion "1"]
[SourceVersionDate "2010.09.01"]
[SourceQuality "1"]

1. Nf3 Nf6 2. g3 g6 3. Bg2 Bg7 4. 0-0 0-0 5. d3 d6 6. c4 e5 7. Nc3 Nc6 8. Rb1 a5 9. a3 h6 10. b4 axb4 11. axb4 Be6 12. b5 Ne7 13. Bb2 Qd7 14. Re1 Bh3 15. Bh1 Ng4 16. e3 f5 17. Nd2 Rab8 18. Qb3 Kh7 19. Nd5 g5 20. Nxe7 Qxe7 21. Ra1 f4 22. exf4 gxf4 23. Ne4 fxg3 24. fxg3 Qf7 25. Qc2 Ra8 26. Bg2 Rxa1 27. Bxa1 Ne3 0-1

[Event "Vlissingen HZ op 13th"]
[Site "Vlissingen"]
[Date "2009.08.02"]
[Round "2"]
[White "Ikonnikov, Vyacheslav"]
[Black "Smits, Sebastiaan"]
[Result "1-0"]
[WhiteElo "2556"]
[BlackElo "2165"]
[PlyCount "53"]
[EventDate "2009.08.01"]
[EventType "swiss"]
[EventRounds "9"]
[EventCountry "NED"]
[SourceTitle "CBM 131 Extra"]
[Source "ChessBase"]
[SourceDate "2009.09.03"]
[SourceVersion "2"]
[SourceVersionDate "2009.09.16"]
[SourceQuality "1"]

1. d4 d5 2. Nf3 Nf6 3. c4 c6 4. Nc3 a6 5. a4 e6 6. Bg5 Nbd7 7. cxd5 cxd5 8. e3 h6 9. Bh4 Bd6 10. Bd3 b6 11. 0-0 0-0 12. e4 dxe4 13. Bxe4 Ra7 14. Qe2 Qc7 15. Rac1 Qb8 16. Rc2 Rc7 17. Bd3 Qa8 18. Ne5 Bb7 19. f4 Re8 20. g4 Bf8 21. g5 hxg5 22. fxg5 Nxe5 23. Qxe5 Nd5 24. g6 f5 25. Nxd5 Rxc2 26. Bxc2 Bxd5 27. Qe2 1-0

[Event "Vlissingen HZ op 13th"]
[Site "Vlissingen"]
[Date "2009.08.02"]
[Round "3"]
[White "Smits, Sebastiaan"]
[Black "Kuijpers, Jos"]
[Result "1-0"]
[WhiteElo "2165"]
[BlackElo "1943"]
[PlyCount "63"]
[EventDate "2009.08.01"]
[EventType "swiss"]
[EventRounds "9"]
[EventCountry "NED"]
[SourceTitle "CBM 131 Extra"]
[Source "ChessBase"]
[SourceDate "2009.09.03"]
[SourceVersion "2"]
[SourceVersionDate "2009.09.16"]
[SourceQuality "1"]

1. e4 g6 2. d4 Bg7 3. Nc3 d6 4. Be3 f5 5. exf5 Bxf5 6. g4 Bd7 7. h4 c6 8. h5 gxh5 9. g5 Qb6 10. Qxh5+ Kd8 11. 0-0-0 Be8 12. Qg4 Nd7 13. Nge2 Nf8 14. Nf4 Bd7 15. Qf3 Be8 16. Bh3 h6 17. Ne6+ Nxe6 18. Bxe6 h5 19. Qf5 Kc7 20. Ne4 Qb5 21. Ng3 Qxf5 22. Nxf5 Bf8 23. Rhg1 Bg6 24. Nh4 Be4 25. c4 Nf6 26. gxf6 exf6 27. f3 Bh7 28. Bf4 Kb6 29. Ng6 Bxg6 30. Rxg6 h4 31. Rh1 Re8 32. d5 1-0

[Event "Andorra op 26th"]
[Site "La Massana"]
[Date "2008.07.21"]
[Round "3"]
[White "Smits, Sebastiaan"]
[Black "De la Riva Aguado, Oscar"]
[Result "0-1"]
[WhiteElo "2156"]
[BlackElo "2542"]
[PlyCount "92"]
[EventDate "2008.07.19"]
[EventType "swiss"]
[EventRounds "9"]
[EventCountry "AND"]
[SourceTitle "CBM 125 Extra"]
[Source "ChessBase"]
[SourceDate "2008.09.01"]
[SourceVersion "1"]
[SourceVersionDate "2008.09.01"]
[SourceQuality "1"]

1. e4 c5 2. d3 d5 3. Nd2 Nc6 4. g3 g6 5. Bg2 e6 6. Nh3 Bg7 7. 0-0 Nge7 8. f4 0-0 9. e5 f6 10. exf6 Bxf6 11. Nf3 Qd6 12. Nf2 Nd4 13. Ne1 e5 14. c3 Ndc6 15. Nf3 Bd7 16. Re1 Rae8 17. c4 Bg7 18. cxd5 Nxd5 19. Ne4 Qe7 20. Qb3 Be6 21. Qb5 exf4 22. Qxc5 fxg3 23. Qxe7 gxh2+ 24. Kxh2 Rxe7 25. Bg5 Rc7 26. Nd6 Bd7 27. Nd2 Nf6 28. N2c4 h6 29. Bf4 Nh5 30. Bd2 Nf4 31. Be4 Nd4 32. Rf1 g5 33. Rae1 b5 34. Bxf4 gxf4 35. Bd5+ Kh8 36. Ne5 Bxe5 37. Rxe5 Bc6 38. Bxc6 Rxc6 39. Nxb5 Rc2+ 40. Kh3 Ne2 41. Rf2 f3 42. Kg4 Rf4+ 43. Kh5 Rc6 44. Re8+ Kg7 45. Re7+ Kf6 46. Rexe2 Rc5+ 0-1

[Event "Maastricht Limburg op"]
[Site "Maastricht"]
[Date "2008.05.12"]
[Round "7"]
[White "Vogel, Jaap"]
[Black "Smits, Sebastiaan"]
[Result "1/2-1/2"]
[WhiteElo "2254"]
[BlackElo "2122"]
[PlyCount "34"]
[EventDate "2008.05.09"]
[EventType "swiss"]
[EventRounds "7"]
[EventCountry "NED"]
[SourceTitle "EXT 2009"]
[Source "ChessBase"]
[SourceDate "2008.11.26"]
[SourceVersion "1"]
[SourceVersionDate "2008.11.26"]
[SourceQuality "1"]

1. Nf3 Nf6 2. g3 g6 3. Bg2 Bg7 4. d4 0-0 5. 0-0 d6 6. c4 Nbd7 7. Nc3 e5 8. h3 Re8 9. e4 c6 10. Be3 exd4 11. Nxd4 Nc5 12. Qc2 Qe7 13. Rfe1 a5 14. Rad1 Be6 15. b3 Rad8 16. f4 Bc8 17. Bf2 Nfd7 1/2-1/2

[Event "Banyoles op 10th"]
[Site "Banyoles"]
[Date "2007.08.19"]
[Round "4"]
[White "Gonzalez, Renier"]
[Black "Smits, Sebastiaan"]
[Result "1-0"]
[WhiteElo "2456"]
[BlackElo "2131"]
[PlyCount "69"]
[EventDate "2007.08.16"]
[EventType "swiss"]
[EventRounds "9"]
[EventCountry "ESP"]
[SourceTitle "CBM 119 Extra"]
[Source "ChessBase"]
[SourceDate "2007.09.04"]
[SourceVersion "1"]
[SourceVersionDate "2007.09.04"]
[SourceQuality "1"]

1. e4 c5 2. Nf3 d6 3. Bb5+ Bd7 4. a4 Nc6 5. d3 g6 6. 0-0 Bg7 7. Nbd2 Nf6 8. Re1 0-0 9. Nc4 d5 10. exd5 Nxd5 11. Bg5 a6 12. Bxc6 Bxc6 13. a5 f6 14. Be3 Nxe3 15. fxe3 Qc7 16. e4 e5 17. Qd2 Rad8 18. Qe3 Bd7 19. Nb6 Be6 20. c4 Rf7 21. Nd5 Qd6 22. Ra3 Rc8 23. Rf1 Qd8 24. Qd2 Bf8 25. Raa1 Rc6 26. h3 h5 27. Nh4 Kh7 28. Qe1 Bh6 29. Qg3 Bg5 30. Nxg6 Kxg6 31. h4 Qh8 32. hxg5 h4 33. Qe3 Bxd5 34. cxd5 Rc8 35. Rf5 1-0

[Event "Bethune op 27th"]
[Site "Bethune"]
[Date "2006.12.28"]
[Round "5"]
[White "Smits, Sebastiaan"]
[Black "Foisor, Cristina Adela B"]
[Result "0-1"]
[WhiteElo "2118"]
[BlackElo "2401"]
[PlyCount "76"]
[EventDate "2006.12.26"]
[EventType "swiss"]
[EventRounds "9"]
[EventCountry "FRA"]
[SourceTitle "CBM 116 Extra"]
[Source "ChessBase"]
[SourceDate "2007.03.07"]
[SourceVersion "1"]
[SourceVersionDate "2007.03.07"]
[SourceQuality "1"]

1. e4 g6 2. d4 Bg7 3. Nc3 d6 4. Nf3 a6 5. a4 b6 6. Be2 e6 7. Bg5 Ne7 8. e5 d5 9. Qd2 h6 10. Bh4 g5 11. Bg3 c5 12. Rd1 Nbc6 13. dxc5 bxc5 14. h3 Qc7 15. 0-0 Bb7 16. Rfe1 Nb4 17. Bf1 Bc6 18. b3 Qb7 19. Ne2 d4 20. c3 dxc3 21. Nxc3 Nf5 22. Be2 0-0 23. Bh2 Rab8 24. a5 Qc7 25. g4 Nd4 26. Nxd4 cxd4 27. Na2 Nxa2 28. Qxa2 Ba8 29. Bd3 Rfd8 30. Bg3 Qc3 31. Qc2 Qxa5 32. Be4 Rbc8 33. Qb1 Bxe4 34. Rxe4 Qb6 35. h4 Rc3 36. hxg5 hxg5 37. Qa1 Rxb3 38. Rexd4 Rxg3+ 0-1

[Event "Dieren op"]
[Site "Dieren"]
[Date "2006.08.03"]
[Round "9"]
[White "Smits, Sebastiaan"]
[Black "Burg, Twan"]
[Result "0-1"]
[WhiteElo "2054"]
[BlackElo "2268"]
[PlyCount "66"]
[EventDate "2006.07.25"]
[EventType "swiss"]
[EventRounds "9"]
[EventCountry "NED"]
[SourceTitle "CBM 113 Extra"]
[Source "ChessBase"]
[SourceDate "2006.09.14"]
[SourceVersion "1"]
[SourceVersionDate "2006.09.14"]
[SourceQuality "1"]

1. e4 c5 2. d3 Nc6 3. g3 g6 4. Bg2 Bg7 5. f4 d6 6. Nf3 e5 7. 0-0 exf4 8. gxf4 Nge7 9. c4 Bg4 10. Nc3 0-0 11. Be3 a6 12. Qe1 Qd7 13. Qh4 Rae8 14. Nd5 Nxd5 15. cxd5 Nb4 16. Rad1 Nxd5 17. Bd2 Nb4 18. Bc3 f5 19. a3 Bxc3 20. bxc3 Nxd3 21. Rxd3 fxe4 22. Ne5 Rxe5 23. Rg3 Be2 24. fxe5 Bxf1 25. Bxf1 d5 26. Be2 Qe6 27. Rg5 Qb6 28. Kg2 Qb2 29. Qg4 Qd2 30. h4 Qxc3 31. Kg1 Rf2 32. Qe6+ Kg7 33. Qe7+ Rf7 0-1

[Event "Hengelo U20 op"]
[Site "Hengelo"]
[Date "2005.08.10"]
[Round "5"]
[White "Smits, Sebastiaan"]
[Black "Van den Berg, Hilke"]
[Result "0-1"]
[WhiteElo "2080"]
[BlackElo "2163"]
[PlyCount "85"]
[EventDate "2005.08.??"]
[EventType "swiss"]
[EventRounds "9"]
[EventCountry "NED"]
[SourceTitle "CBM 107 Extra"]
[Source "ChessBase"]
[SourceDate "2005.09.01"]
[SourceVersion "1"]
[SourceVersionDate "2005.09.01"]
[SourceQuality "1"]

1. e4 c5 2. Nf3 d6 3. d4 cxd4 4. Nxd4 Nf6 5. Nc3 Nc6 6. f3 e5 7. Nb3 Be6 8. Be3 Be7 9. Qd2 0-0 10. 0-0-0 a5 11. Qf2 Nd7 12. Kb1 a4 13. Nc1 Qb8 14. Bb5 a3 15. b3 Ra5 16. Qe2 Nb4 17. Nd5 Bxd5 18. exd5 Nf6 19. Bb6 Ra6 20. Bxa6 bxa6 21. Ba5 Nfxd5 22. Bxb4 Nxb4 23. c3 Nc6 24. Qxa6 Qc7 25. Rd5 f5 26. Re1 Nb8 27. Qc4 Qxc4 28. bxc4 Nd7 29. Rb5 Rc8 30. Rb7 Bh4 31. g3 Nc5 32. Rb4 Bf6 33. Kc2 e4 34. fxe4 Nxe4 35. Ne2 d5 36. Nd4 g6 37. Kb3 dxc4+ 38. Kc2 Be7 39. Ra4 Rb8 40. Rxc4 Rb2+ 41. Kd3 Rd2+ 42. Ke3 Bg5+ 43. Kf3 0-1

[Event "Hengelo U20 op"]
[Site "Hengelo"]
[Date "2005.08.08"]
[Round "1"]
[White "Smits, Sebastiaan"]
[Black "Wuijts, Johan"]
[Result "1-0"]
[WhiteElo "2080"]
[BlackElo "1647"]
[PlyCount "35"]
[EventDate "2005.08.??"]
[EventType "swiss"]
[EventRounds "9"]
[EventCountry "NED"]
[SourceTitle "CBM 107 Extra"]
[Source "ChessBase"]
[SourceDate "2005.09.01"]
[SourceVersion "1"]
[SourceVersionDate "2005.09.01"]
[SourceQuality "1"]

1. e4 c5 2. Nf3 Nc6 3. d4 cxd4 4. Nxd4 Nf6 5. Nc3 e5 6. Ndb5 d6 7. Bg5 Be7 8. Bxf6 gxf6 9. Nd5 Qa5+ 10. c3 Kf8 11. Nxe7 Nxe7 12. Qxd6 Be6 13. Nc7 Rc8 14. Nxe6+ fxe6 15. Qxe6 Rxc3 16. Qxf6+ Kg8 17. Qg5+ Kf7 18. Qd2 1-0